The trait crate : (Record no. 8564)

MARC details
000 -LEADER
fixed length control field 01978nam a22002177a 4500
001 - CONTROL NUMBER
control field 8564
003 - CONTROL NUMBER IDENTIFIER
control field FISKH
005 - DATE AND TIME OF LATEST TRANSACTION
control field 20250930105642.0
008 - FIXED-LENGTH DATA ELEMENTS--GENERAL INFORMATION
fixed length control field 250930b cb ||||| |||| 00| 0 eng d
040 ## - CATALOGING SOURCE
Original cataloging agency FISKH
Language of cataloging eng
Transcribing agency FISKH
Modifying agency FISKH
050 ## - LIBRARY OF CONGRESS CALL NUMBER
Classification number LB1576 C85
082 ## - DEWEY DECIMAL CLASSIFICATION NUMBER
Classification number 371
100 ## - MAIN ENTRY--PERSONAL NAME
Personal name Culham, Ruth
245 ## - TITLE STATEMENT
Title The trait crate :
Remainder of title Teaching voice using Wolf! /
Statement of responsibility, etc. Ruth Culham
260 ## - PUBLICATION, DISTRIBUTION, ETC.
Place of publication, distribution, etc. New York :
Name of publisher, distributor, etc. Scholastic,
Date of publication, distribution, etc. 2007.
300 ## - PHYSICAL DESCRIPTION
Extent 15 pages :
Other physical details color illustrations ;
Dimensions 28 cm
520 ## - SUMMARY, ETC.
Summary, etc. Teaching writing just got easier and more effective because of these sturdy "crates." In them, teachers will find everything they need to help students use the six traits-ideas, organization, voice, word choice, sentence fluency, and conventions-improve their writing. Each crate contains an array of materials designed to engage students and enrich their writing experiences, including: * 6 high-interest picture books hand selected for each trait * 6 teaching guides filled with step-by-step lessons, graphic organizers, a scoring guide, and extension activities * Sing-along Trait Songs, a music CD containing lively, trait-specific songs to share with your students. Includes a "bonus track" on presentation. * 6 full-color 17" x 22" posters contain lyrics to the songs on the CD * Color-coded stickers for organizing classroom libraries and teaching materials * Using Picture Books to Teach Writing With the Traits: K-2, 112-page resource containing 18 step-by-step lessons and 150 annotations of new and classic books, organized by trait What's more, each crate comes with hanging folders--one for each trait--for easy, expandable storage for years to come. Kindergarten Picture Books Ideas: My Chair Organization: I Am America Voice: When Sophie Gets Really, Really Angry Word Choice:Mama Zooms Sentence Fluency: Charlie Parker Played Be Bop Conventions: No, David! For use with Grade K
650 ## - SUBJECT ADDED ENTRY--TOPICAL TERM
Topical term or geographic name entry element English
Form subdivision writing workshop
942 ## - ADDED ENTRY ELEMENTS (KOHA)
Source of classification or shelving scheme Dewey Decimal Classification
Koha item type Books
Suppress in OPAC No
Holdings
Withdrawn status Lost status Source of classification or shelving scheme Damaged status Not for loan Collection Home library Current library Shelving location Date acquired Total Checkouts Full call number Barcode Date last seen Copy number Price effective from Koha item type
    Dewey Decimal Classification     Reference Footprints International School Library Network Toul Kork Campus Footprints International School Library Network Toul Kork Campus Librarian's Shelf TK 09/30/2025   CUL 371 LB1576 C85 2025-4445 09/30/2025 1 09/30/2025 Books